| 000 | 00568nam a2200205 4500 | ||
|---|---|---|---|
| 003 | OSt | ||
| 005 | 20240716022146.0 | ||
| 006 | a | ||
| 008 | 240716b |||||||| |||| 00| 0 eng d | ||
| 020 | _a9789710445592 | ||
| 040 |
_aDWCL-Main lib. _cOC |
||
| 082 | _aFil. 641.71 C277e 2009 | ||
| 100 | _aCariƱo, Celia E | ||
| 245 | _aExperience baking / | ||
| 260 |
_aManila : _bMindshapers Co., Inc., _cc2009. |
||
| 300 |
_avii, _b179 p. : ill. ; _c25 cm. |
||
| 504 | _aIncludes bibliographical references. | ||
| 650 | _a1. Baking. | ||
| 942 |
_2ddc _n0 _cBK - FIL _kFil. |
||
| 999 |
_c2228 _d2228 |
||